000 04233nab a2200337 i 4500
003 BR-BrBNA
005 20251201095404.0
008 251201b2019 bl.|r|pooa||| 00| 0 eng |
040 _aBR-BrBNA
_beng
072 _aF61
_b1190
100 _aLima, Denise de Castro
100 _aMendes, Nouglas Veloso Barbosa
100 _aCorrêa, Márcio Cleber de Medeiros
100 _aTaniguchi, Carlos Alberto Kenji
100 _aQueiroz, Ronialison Fernandes
100 _aNatale, William
245 _aGrowth and nutrient accumulation in the aerial part of red pitaya (Hylocereus sp.)
500 _a Publicação online; 40 ref.; 4 illus; 3 tables; Summaries (En, Pt)
520 _a Abstract - Knowledge on the amounts of nutrients accumulated by pitaya in its different development stages allows defining the periods in which the essential elements are most required, thus contributing to the elaboration of rational fertilization programs for the crop, reducing production costs. This study aimed to evaluate the growth and nutritional requirement of red pitaya, estimating the accumulation of macro and micronutrients by the plants and determining the periods in which the greatest accumulations occur, as well as the relative growth rate and the relative nutrient absorption rate. Pitaya seedlings were planted in pots containing Argissolo Vermelho-Amarelo Eutrófico (Ultisol) and grown in the open air. The experimental design was randomized blocks, with four replicates and seven sampling times: 0, 60, 120, 180, 240, 300 and 360 DAP (days after planting). At each sampling time, length of cladodes, dry matter of the aerial part and nutrient accumulation in the aerial part were evaluated. Red pitaya plants showed a low growth rate until 60 days and, from this period, its growth increased significantly. Nutrient accumulation occurred in the following descending order: K > Ca > N > Mg = P > S > Na element > Zn > Mn > Fe > B > Cu. K and Zn were, respectively, the most exported macro and micronutrient by pitaya fruits. Index terms: mineral nutrition Cactaceae, nutritional requirement
520 _a Resumo - O conhecimento das quantidades de nutrientes acumulados pela pitaia nas diferentes fases de desenvolvimento permite definir as épocas em que os elementos essenciais são mais exigidos, contribuindo assim para a elaboração de programas de adubação racionais para a cultura, diminuindo os custos de produção. Objetivou-se com este trabalho avaliar o crescimento e a demanda nutricional da pitaia vermelha, estimando o acúmulo de macro e micronutrientes pelas plantas e determinando as épocas em que ocorrem os maiores acúmulos, bem como a taxa de crescimento relativo e a taxa de absorção relativa de nutrientes. As mudas de pitaia foram plantadas em vasos contendo um Argissolo Vermelho-Amarelo Eutrófico e conduzidas a céu aberto. O delineamento experimental utilizado foi em blocos casualizados, com quatro repetições e sete épocas de amostragens: 0, 60, 120, 180, 240, 300 e 360 DAP (dias após o plantio). Em cada época de amostragem avaliou-se o comprimento dos cladódios, matéria seca da parte aérea e o acúmulo de nutrientes da parte aérea. As plantas de pitaia vermelha apresentaram baixa taxa de crescimento até 60 dias e, a partir deste período, o crescimento aumentou significativamente. O acúmulo de nutrientes ocorreu na seguinte ordem decrescente: K > Ca > N > Mg = P > S > elemento Na > Zn > Mn > Fe > B > Cu. O K e o Zn foram, respectivamente, o macro e o micronutriente mais exportados pelos frutos da pitaia. Termos para indexação: nutrição mineral, cactaceae, exigência nutricional.
650 _aCACTACEAE
650 _aFRUTO
650 _aCRESCIMENTO
650 _aCONDIÇÃO AMBIENTAL
650 _aNUTRIENTE MINERAL
650 _aABSORÇÃO DE NUTRIENTES
773 0 _0805
_9317042
_dJaboticabal-SP Sociedade Brasileira de Fruticultura 1978
_o2024-3604
_tRevista Brasileira de Fruticultura (Brazil)
_x0100-2945
_gv. 41(5) p. 1-11; (2019)
_wBR2025005146
856 _uhttps://www.scielo.br/j/rbf/a/GKJCFgNF3HWrrRCrnpH5Q4j/?format=pdf&lang=en
942 _cANA
999 _c339302
_d339302